College algebra and trigonometry
| Main Author: | |
|---|---|
| Format: | Book |
| Published: |
St.Paul :
West Publishing Company ,
1984
|
| Subjects: |
MARC
| LEADER | 00000cam a2200000 7i4500 | ||
|---|---|---|---|
| 001 | 0000004914 | ||
| 002 | 000005299 | ||
| 005 | 20000330.0 | ||
| 020 | |a 0314778217 | ||
| 090 | 0 | 0 | |a 512.13 |b STE |
| 100 | 1 | |a Steinlage, Ralph C | |
| 245 | 1 | 0 | |a College algebra and trigonometry |c Ralph C.Steinlage |
| 260 | |a St.Paul : |b West Publishing Company , |c 1984 | ||
| 300 | |a 648p. ; |c 25cm. | ||
| 650 | 0 | 0 | |a Algebra |
| 999 | |a 014829 |b BUKU |c PINJAMAN |e PERPUSTAKAAN KOMUNITI PETALING JAYA | ||
| 999 | |a 037657 |b BUKU |c PINJAMAN |e PERPUSTAKAAN KOMUNITI PETALING JAYA | ||